[Event "The Irish Championship 2020"]
[Site "Colaiste Eanna, Dublin, Ireland"]
[Date "2020.08.05"]
[Round "5"]
[Board "12"]
[White "Jackson, Carl"]
[Black "Casey, Eoghan"]
[Result "1/2-1/2"]
[WhiteElo "2021"]
[BlackElo "1954"]
[PlyCount "0"]
[EventDate "2020.08.01"]
[EventRounds "9"]
[EventCountry "IRL"]

1. b3 {[%clk 02:06:14]} {[%emt 00:09:55]} e5 {[%clk 01:59:28]} {[%emt
00:16:42]} 2. Bb2 {[%clk 02:04:32]} {[%emt 00:02:18]} Nc6 {[%clk 01:59:57]}
{[%emt 00:00:06]} 3. Nf3 {[%clk 02:04:49]} {[%emt 00:00:18]} e4 {[%clk
01:44:24]} {[%emt 00:16:08]} 4. Nd4 {[%clk 02:02:02]} {[%emt 00:03:23]} Nxd4
{[%clk 01:42:10]} {[%emt 00:02:48]} 5. Bxd4 {[%clk 02:02:25]} {[%emt 00:00:12]}
d5 {[%clk 01:42:41]} {[%emt 00:00:04]} 6. e3 {[%clk 02:02:45]} {[%emt
00:00:15]} Nf6 {[%clk 01:42:10]} {[%emt 00:01:06]} 7. c4 {[%clk 02:02:31]}
{[%emt 00:00:49]} c5 {[%clk 01:21:18]} {[%emt 00:21:27]} 8. Bxf6 {[%clk
02:02:44]} {[%emt 00:00:21]} Qxf6 {[%clk 01:21:48]} {[%emt 00:00:05]} 9. Nc3
{[%clk 02:03:13]} {[%emt 00:26:02]} d4 {[%clk 00:54:41]} {[%emt 00:01:46]} 10.
Nxe4 {[%clk 02:03:09]} {[%emt 00:00:40]} Qe5 {[%clk 00:54:44]} {[%emt
00:00:31]} 11. Bd3 {[%clk 02:00:30]} {[%emt 00:03:15]} dxe3 {[%clk 00:36:49]}
{[%emt 00:18:30]} 12. dxe3 {[%clk 02:00:26]} {[%emt 00:00:39]} Bf5 {[%clk
00:35:29]} {[%emt 00:01:54]} 13. f4 {[%clk 01:35:58]} {[%emt 00:25:04]} Qe6
{[%clk 00:32:42]} {[%emt 00:08:01]} 14. Qf3 {[%clk 01:26:06]} {[%emt 00:05:49]}
Rd8 {[%clk 00:30:02]} {[%emt 00:03:13]} 15. Bc2 {[%clk 01:23:57]} {[%emt
00:02:45]} Bg4 {[%clk 00:28:13]} {[%emt 00:02:24]} 16. Qf2 {[%clk 01:22:39]}
{[%emt 00:01:52]} f5 {[%clk 00:16:39]} {[%emt 00:12:09]} 17. h3 {[%clk
01:09:23]} {[%emt 00:13:52]} Bxh3 {[%clk 00:14:39]} {[%emt 00:02:35]} 18. gxh3
{[%clk 01:06:22]} {[%emt 00:03:36]} fxe4 {[%clk 00:15:07]} {[%emt 00:00:07]} 19.
Qg2 {[%clk 01:05:42]} {[%emt 00:01:15]} Be7 {[%clk 00:14:26]} {[%emt 00:01:15]}
20. Qxe4 {[%clk 00:59:32]} {[%emt 00:06:47]} Qf6 {[%clk 00:14:12]} {[%emt
00:00:49]} 21. O-O {[%clk 00:58:32]} {[%emt 00:01:35]} Qh4 {[%clk 00:11:35]}
{[%emt 00:03:12]} 22. Qg2 {[%emt 00:08:30]} g5 {[%clk 00:08:34]} 23. f5 {[%clk
00:40:19]} {[%emt 00:14:29]} h5 {[%clk 00:06:21]} {[%emt 00:02:49]} 24. f6
{[%clk 00:39:50]} {[%emt 00:01:03]} Bd6 {[%clk 00:06:46]} {[%emt 00:00:10]} 25.
Qe4+ {[%clk 00:37:30]} {[%emt 00:02:56]} Qxe4 {[%clk 00:06:47]} {[%emt
00:00:34]} 26. Bxe4 {[%clk 00:37:48]} {[%emt 00:00:17]} b6 {[%clk 00:07:00]}
{[%emt 00:00:21]} 27. Rf5 {[%clk 00:29:17]} {[%emt 00:09:06]} g4 {[%clk
00:04:37]} {[%emt 00:02:59]} 28. Bd5 {[%clk 00:28:34]} {[%emt 00:01:18]} gxh3
{[%clk 00:04:10]} {[%emt 00:01:02]} 29. e4 {[%clk 00:28:31]} {[%emt 00:00:37]}
h2+ {[%clk 00:04:02]} {[%emt 00:00:43]} 30. Kg2 {[%clk 00:25:54]} {[%emt
00:03:12]} Rh6 {[%clk 00:03:53]} {[%emt 00:00:44]} 31. e5 {[%clk 00:25:51]}
{[%emt 00:00:38]} Rg6+ {[%clk 00:03:29]} {[%emt 00:01:00]} 32. Kxh2 {[%clk
00:26:03]} {[%emt 00:00:23]} Rxf6 {[%clk 00:03:48]} {[%emt 00:00:16]} 33. Rxh5
{[%clk 00:24:53]} {[%emt 00:01:45]} Bb8 {[%clk 00:03:49]} {[%emt 00:00:33]} 34.
Rg1 {[%clk 00:21:17]} {[%emt 00:04:11]} Rf2+ {[%clk 00:01:24]} {[%emt
00:03:00]} 35. Kg3 {[%clk 00:21:25]} {[%emt 00:00:27]} Rf8 {[%clk 00:00:43]}
{[%emt 00:01:16]} 36. Rg5 {[%clk 00:21:10]} {[%emt 00:00:50]} Rc8 {[%clk
00:00:50]} {[%emt 00:00:27]} 37. Kg4 {[%clk 00:20:50]} {[%emt 00:00:56]} Rc7
{[%clk 00:01:09]} {[%emt 00:00:16]} 38. Rh1 {[%clk 00:17:01]} {[%emt 00:04:24]}
Re7 {[%clk 00:01:31]} {[%emt 00:00:13]} 39. Rhh5 {[%clk 00:16:56]} {[%emt
00:00:39]} Kd7 {[%clk 00:01:12]} {[%emt 00:00:54]} 40. Rf5 {[%clk 00:14:58]}
{[%emt 00:02:34]} Rxf5 {[%clk 00:01:34]} {[%emt 00:00:12]} 41. Rxf5 {[%clk
00:15:21]} {[%emt 00:00:12]} Bxe5 {[%clk 00:01:34]} {[%emt 00:00:34]} 42. Rf7
{[%clk 00:15:45]} {[%emt 00:00:11]}  1/2-1/2

[Event "The Irish Championship 2020"]
[Site "Colaiste Eanna, Dublin, Ireland"]
[Date "2020.08.05"]
[Round "5"]
[Board "13"]
[White "Carroll, Peter"]
[Black "Putar, Lara"]
[Result "0-1"]
[WhiteElo "2009"]
[BlackElo "1834"]
[PlyCount "0"]
[EventDate "2020.08.01"]
[EventRounds "9"]
[EventCountry "IRL"]

1. e4 {[%clk 02:16:08]} {[%emt 00:00:02]} e6 {[%clk 02:16:06]} {[%emt
00:00:05]} 2. d4 {[%clk 02:16:32]} {[%emt 00:00:10]} d5 {[%clk 02:16:35]}
{[%emt 00:00:06]} 3. Nc3 {[%clk 02:17:02]} {[%emt 00:00:05]} Bb4 {[%clk
02:17:00]} {[%emt 00:00:10]} 4. e5 {[%clk 02:17:31]} {[%emt 00:00:05]} c5
{[%clk 02:17:31]} {[%emt 00:00:05]} 5. a3 {[%clk 02:17:59]} {[%emt 00:00:07]}
Bxc3+ {[%clk 02:17:51]} {[%emt 00:00:14]} 6. bxc3 {[%clk 02:18:32]} {[%emt
00:00:02]} Qa5 {[%clk 02:18:12]} {[%emt 00:00:15]} 7. Bd2 {[%clk 02:18:38]}
{[%emt 00:00:28]} Qa4 {[%clk 02:18:28]} {[%emt 00:00:19]} 8. Qg4 {[%clk
02:19:03]} {[%emt 00:00:10]} Kf8 {[%clk 02:18:55]} {[%emt 00:00:08]} 9. Qd1
{[%clk 02:19:31]} {[%emt 00:00:07]} b6 {[%clk 02:18:38]} {[%emt 00:00:53]} 10.
c4 {[%clk 02:20:05]} {[%emt 00:00:01]} Nc6 {[%clk 02:11:08]} {[%emt 00:08:05]}
11. Nf3 {[%clk 02:18:27]} {[%emt 00:02:12]} Nge7 {[%clk 02:02:37]} {[%emt
00:09:07]} 12. dxc5 {[%clk 02:10:01]} {[%emt 00:09:01]} bxc5 {[%clk 02:01:35]}
{[%emt 00:01:36]} 13. c3 {[%clk 02:10:18]} {[%emt 00:00:17]} Qa5 {[%clk
01:43:52]} {[%emt 00:18:19]} 14. cxd5 {[%clk 01:49:56]} {[%emt 00:20:56]} exd5
{[%clk 01:43:45]} {[%emt 00:00:43]} 15. c4 {[%clk 01:49:50]} {[%emt 00:00:41]}
Qc7 {[%clk 01:43:13]} {[%emt 00:01:07]} 16. cxd5 {[%clk 01:50:17]} {[%emt
00:00:08]} Nxd5 {[%clk 01:42:59]} {[%emt 00:00:49]} 17. Bc4 {[%clk 01:50:36]}
{[%emt 00:00:16]} Be6 {[%clk 01:38:58]} {[%emt 00:04:37]} 18. O-O {[%clk
01:42:23]} {[%emt 00:20:49]} Rd8 {[%clk 01:25:47]} {[%emt 00:01:45]} 19. Qe2
{[%clk 01:33:17]} {[%emt 00:09:41]} Bg4 {[%clk 01:19:56]} {[%emt 00:06:27]} 20.
Bg5 {[%clk 01:16:59]} {[%emt 00:16:52]} Rd7 {[%clk 00:47:49]} {[%emt 00:32:41]}
21. Rad1 {[%clk 01:16:25]} {[%emt 00:01:09]} Nc3 {[%clk 00:44:10]} {[%emt
00:04:14]} 22. Qc2 {[%clk 01:12:59]} {[%emt 00:04:01]} Nxd1 {[%clk 00:43:40]}
{[%emt 00:01:06]} 23. Rxd1 {[%clk 01:13:25]} {[%emt 00:00:09]} Nd4 {[%clk
00:42:15]} {[%emt 00:02:00]} 24. Qb1 {[%clk 01:12:16]} {[%emt 00:01:43]} Bxf3
{[%clk 00:41:18]} {[%emt 00:01:33]}  0-1

[Event "The Irish Championship 2020"]
[Site "Colaiste Eanna, Dublin, Ireland"]
[Date "2020.08.05"]
[Round "5"]
[Board "15"]
[White "Mirza, Diana"]
[Black "McHugh, Kevin"]
[Result "1-0"]
[WhiteElo "1939"]
[BlackElo "2010"]
[PlyCount "0"]
[EventDate "2020.08.01"]
[EventRounds "9"]
[EventCountry "IRL"]

1. d4 {[%clk 02:15:26]} {[%emt 00:00:43]} Nf6 {[%clk 02:16:03]} {[%emt
00:00:07]} 2. Nf3 {[%clk 02:15:56]} {[%emt 00:00:06]} g6 {[%clk 02:16:28]}
{[%emt 00:00:09]} 3. Nbd2 {[%clk 02:16:27]} {[%emt 00:00:05]} d5 {[%clk
02:16:49]} {[%emt 00:00:14]} 4. e3 {[%clk 02:16:56]} {[%emt 00:00:07]} Bg7
{[%clk 02:17:14]} {[%emt 00:00:08]} 5. b4 {[%clk 02:17:27]} {[%emt 00:00:05]}
O-O {[%clk 02:14:34]} {[%emt 00:03:15]} 6. c4 {[%clk 02:17:27]} {[%emt
00:00:35]} c6 {[%clk 02:13:15]} {[%emt 00:01:54]} 7. a4 {[%clk 02:13:27]}
{[%emt 00:04:36]} a5 {[%clk 02:06:47]} {[%emt 00:07:03]} 8. b5 {[%clk
02:13:21]} {[%emt 00:00:41]} dxc4 {[%clk 02:06:55]} {[%emt 00:00:27]} 9. Bxc4
{[%clk 02:13:05]} {[%emt 00:00:51]} c5 {[%clk 02:07:16]} {[%emt 00:00:13]} 10.
Bb2 {[%clk 02:08:52]} {[%emt 00:04:49]} cxd4 {[%clk 02:07:15]} {[%emt
00:00:36]} 11. Bxd4 {[%clk 02:04:54]} {[%emt 00:04:34]} Bf5 {[%clk 02:03:25]}
{[%emt 00:04:25]} 12. O-O {[%clk 02:04:01]} {[%emt 00:01:27]} Nbd7 {[%clk
02:03:27]} {[%emt 00:00:33]} 13. Qb3 {[%clk 01:52:28]} {[%emt 00:12:09]} h6
{[%clk 01:59:55]} {[%emt 00:04:05]} 14. Nh4 {[%clk 01:50:24]} {[%emt 00:02:41]}
Nb6 {[%clk 01:43:49]} {[%emt 00:16:40]} 15. Nxf5 {[%clk 01:48:25]} {[%emt
00:02:33]} gxf5 {[%clk 01:40:38]} {[%emt 00:03:46]} 16. Bd3 {[%clk 01:45:57]}
{[%emt 00:03:03]} e6 {[%clk 01:40:55]} {[%emt 00:00:18]} 17. Rfd1 {[%clk
01:39:13]} {[%emt 00:18:58]} Nfd5 {[%clk 01:39:29]} 18. Bxg7 {[%clk 01:36:17]}
Kxg7 {[%clk 01:39:58]} 19. Nc4 {[%clk 01:36:40]} Qe7 {[%clk 01:35:38]} 20. Qb2+
{[%clk 01:06:02]} {[%emt 00:30:19]} Kg8 {[%clk 01:28:42]} {[%emt 00:07:31]} 21.
Qe5 {[%clk 01:02:26]} {[%emt 00:04:11]} Rfe8 {[%clk 01:22:55]} {[%emt
00:20:00]} 22. e4 {[%clk 00:49:52]} Nxc4 {[%clk 01:12:32]} {[%emt 00:10:30]} 23.
Bxc4 {[%clk 00:46:55]} {[%emt 00:03:31]} fxe4 {[%clk 01:04:55]} {[%emt
00:08:11]} 24. Qxe4 {[%clk 00:47:05]} {[%emt 00:00:26]} Rad8 {[%clk 01:02:52]}
{[%emt 00:02:38]} 25. Rd3 {[%clk 00:45:29]} {[%emt 00:02:10]} Qf6 {[%clk
01:00:16]} {[%emt 00:03:11]} 26. Re1 {[%clk 00:26:39]} {[%emt 00:19:26]} Nb6
{[%clk 00:53:11]} {[%emt 00:07:41]} 27. Rg3+ {[%clk 00:25:43]} {[%emt
00:01:32]} Kh8 {[%clk 00:53:13]} {[%emt 00:00:32]} 28. Bd3 {[%clk 00:24:17]}
{[%emt 00:02:02]} Rxd3 {[%clk 00:47:28]} {[%emt 00:06:18]} 29. Rxd3 {[%clk
00:24:16]} {[%emt 00:00:38]} Rb8 {[%clk 00:45:38]} {[%emt 00:02:24]} 30. Rf3
{[%clk 00:24:03]} {[%emt 00:00:49]} Qg7 {[%clk 00:45:49]} {[%emt 00:00:24]} 31.
Qf4 {[%clk 00:22:07]} {[%emt 00:02:30]} Rf8 {[%clk 00:42:32]} {[%emt 00:03:52]}
32. Rg3 {[%clk 00:22:23]} {[%emt 00:00:19]} Nd5 {[%clk 00:42:56]} {[%emt
00:00:12]} 33. Qd6 {[%emt 00:01:14]}  1-0

[Event "The Irish Championship 2020"]
[Site "Colaiste Eanna, Dublin, Ireland"]
[Date "2020.08.05"]
[Round "5"]
[Board "16"]
[White "O'Gorman, Alice"]
[Black "MacElligott, Gerard"]
[Result "1-0"]
[WhiteElo "1904"]
[BlackElo "2020"]
[PlyCount "0"]
[EventDate "2020.08.01"]
[EventRounds "9"]
[EventCountry "IRL"]

1. e4 {[%clk 02:16:06]} {[%emt 00:00:02]} c5 {[%emt 00:00:36]} 2. Nf3 {[%clk
02:16:31]} {[%emt 00:00:07]} d6 {[%emt 00:00:31]} 3. c3 {[%clk 02:16:41]}
{[%emt 00:00:22]} Nf6 {[%emt 00:00:34]} 4. Be2 {[%clk 02:16:54]} {[%emt
00:00:18]} Nc6 {[%emt 00:01:36]} 5. d4 {[%clk 02:16:58]} {[%emt 00:00:28]} cxd4
{[%emt 00:05:09]} 6. cxd4 {[%clk 02:17:21]} {[%emt 00:00:07]} Nxe4 {[%emt
00:00:53]} 7. d5 {[%clk 02:17:31]} {[%emt 00:00:22]} Qa5+ {[%clk 02:10:29]}
{[%emt 00:00:17]} 8. Nc3 {[%clk 02:17:42]} {[%emt 00:00:23]} Nxc3 {[%emt
00:08:21]} 9. bxc3 {[%clk 02:18:02]} {[%emt 00:00:09]} Ne5 {[%emt 00:04:25]} 10.
Nxe5 {[%clk 02:16:26]} {[%emt 00:02:09]} dxe5 {[%clk 01:57:28]} {[%emt
00:02:09]} 11. O-O {[%clk 02:16:15]} {[%emt 00:00:44]} g6 {[%emt 00:24:48]} 12.
Rb1 {[%clk 02:12:51]} {[%emt 00:03:56]} f5 {[%emt 00:24:01]} 13. Bb5+ {[%clk
02:00:45]} {[%emt 00:19:41]} Kf7 14. Qb3 {[%clk 01:47:17]} {[%emt 00:09:06]}
Kg7 {[%emt 00:21:07]} 15. Re1 {[%clk 01:39:44]} {[%emt 00:08:05]} e4 {[%emt
00:07:23]} 16. Bf4 {[%clk 01:35:51]} {[%emt 00:04:26]} Kf6 {[%emt 00:11:54]} 17.
h4 {[%clk 01:17:00]} {[%emt 00:14:32]} h6 {[%emt 00:03:57]} 18. Be3 {[%clk
01:15:33]} {[%emt 00:02:00]} e6 {[%emt 00:20:03]} 19. dxe6 {[%clk 01:12:53]}
{[%emt 00:03:13]} Bd6 {[%emt 00:03:26]} 20. Bd4+ {[%clk 01:08:07]} {[%emt
00:05:16]} Be5 {[%emt 00:00:26]} 21. Qd5 {[%clk 01:06:26]} {[%emt 00:02:11]}
Qc7 {[%emt 00:00:44]} 22. f4 {[%clk 01:05:10]} {[%emt 00:01:49]} Bxe6 {[%emt
00:03:56]} 23. Bxe5+ {[%clk 01:04:43]} {[%emt 00:00:59]}  1-0

[Event "The Irish Championship 2020"]
[Site "Colaiste Eanna, Dublin, Ireland"]
[Date "2020.08.06"]
[Round "6"]
[Board "2"]
[White "Delaney, Killian"]
[Black "O'Donnell, Conor"]
[Result "1-0"]
[WhiteElo "2314"]
[BlackElo "2304"]
[PlyCount "0"]
[EventDate "2020.08.01"]
[EventRounds "9"]
[EventCountry "IRL"]

1. c4 {[%clk 02:03:54]} {[%emt 00:13:50]} e6 {[%clk 02:15:46]} 2. Nc3 {[%clk
02:04:11]} d5 {[%clk 02:16:04]} 3. d4 {[%clk 02:04:33]} {[%emt 00:00:03]} Nf6
{[%clk 02:13:08]} {[%emt 00:03:04]} 4. cxd5 {[%clk 02:04:29]} {[%emt 00:00:39]}
exd5 {[%clk 02:13:34]} {[%emt 00:00:09]} 5. Bg5 {[%clk 02:04:57]} {[%emt
00:00:10]} c6 {[%clk 02:13:21]} {[%emt 00:00:43]} 6. e3 {[%clk 02:05:25]}
{[%emt 00:00:09]} Be7 {[%clk 02:12:52]} {[%emt 00:01:03]} 7. Qc2 {[%clk
02:05:14]} {[%emt 00:00:46]} Nbd7 {[%clk 02:12:25]} {[%emt 00:01:02]} 8. Bd3
{[%clk 02:05:16]} {[%emt 00:00:34]} O-O {[%clk 02:09:30]} {[%emt 00:03:30]} 9.
Nf3 {[%clk 02:04:37]} {[%emt 00:01:14]} Re8 {[%clk 02:06:57]} {[%emt 00:03:07]}
10. h3 {[%clk 02:04:43]} {[%emt 00:00:31]} Nf8 {[%clk 02:03:46]} {[%emt
00:03:46]} 11. Bf4 {[%clk 02:04:51]} {[%emt 00:00:27]} Ng6 {[%clk 01:48:30]}
{[%emt 00:15:50]} 12. Bh2 {[%clk 02:05:04]} {[%emt 00:00:23]} Bd6 {[%clk
01:46:08]} {[%emt 00:02:58]} 13. Bxd6 {[%clk 02:05:12]} {[%emt 00:00:27]} Qxd6
{[%clk 01:46:37]} {[%emt 00:00:05]} 14. O-O-O {[%clk 02:05:41]} {[%emt
00:00:07]} b6 {[%clk 01:32:30]} {[%emt 00:14:40]} 15. g4 {[%clk 01:59:22]}
{[%emt 00:06:56]} Qe7 {[%clk 01:29:58]} {[%emt 00:03:06]} 16. Kb1 {[%clk
01:45:16]} {[%emt 00:14:42]} Bb7 {[%clk 01:25:03]} {[%emt 00:05:30]} 17. h4
{[%clk 01:32:44]} {[%emt 00:13:08]} c5 {[%clk 01:11:11]} {[%emt 00:14:25]} 18.
h5 {[%clk 01:15:43]} {[%emt 00:17:37]} Nf8 {[%clk 01:10:28]} {[%emt 00:01:18]}
19. Ne5 {[%clk 01:15:36]} {[%emt 00:00:43]} Ne6 {[%clk 01:02:18]} {[%emt
00:08:44]} 20. g5 {[%clk 00:59:16]} {[%emt 00:16:56]} Nxg5 {[%clk 00:58:41]}
{[%emt 00:04:11]} 21. Rdg1 {[%clk 00:52:59]} {[%emt 00:06:52]} h6 {[%clk
00:43:33]} {[%emt 00:15:44]} 22. f4 {[%clk 00:50:24]} {[%emt 00:03:10]} Ne6
{[%clk 00:40:18]} {[%emt 00:03:48]} 23. f5 {[%clk 00:41:57]} {[%emt 00:09:04]}
Ng5 {[%clk 00:29:21]} {[%emt 00:11:32]} 24. Rxg5 {[%clk 00:40:09]} {[%emt
00:02:22]} hxg5 {[%clk 00:29:52]} {[%emt 00:00:02]} 25. h6 {[%clk 00:39:28]}
{[%emt 00:01:19]} gxh6 {[%clk 00:28:02]} {[%emt 00:02:23]} 26. Rxh6 {[%clk
00:38:22]} {[%emt 00:01:41]} Kg7 {[%clk 00:27:02]} {[%emt 00:01:35]} 27. Rxf6
{[%clk 00:38:48]} {[%emt 00:00:10]} Qxf6 {[%clk 00:26:29]} {[%emt 00:01:07]} 28.
Ng4 {[%clk 00:39:00]} {[%emt 00:00:23]} Qd6 {[%clk 00:21:48]} {[%emt 00:05:15]}
29. f6+ {[%clk 00:39:21]} {[%emt 00:00:14]} Kf8 {[%clk 00:19:33]} {[%emt
00:02:50]} 30. Qg2 {[%clk 00:38:09]} {[%emt 00:01:48]} Rxe3 {[%clk 00:11:30]}
{[%emt 00:08:43]} 31. Qh1 {[%clk 00:36:40]} {[%emt 00:01:59]} Ke8 {[%clk
00:11:18]} {[%emt 00:00:47]} 32. Nxe3 {[%clk 00:25:44]} {[%emt 00:11:32]} cxd4
{[%clk 00:08:49]} {[%emt 00:03:04]} 33. Nb5 {[%clk 00:22:57]} {[%emt 00:03:21]}
Qxf6 {[%clk 00:07:36]} {[%emt 00:01:48]} 34. Nxd5 {[%clk 00:15:55]} {[%emt
00:07:37]} Bxd5 {[%clk 00:06:41]} {[%emt 00:01:30]} 35. Nc7+ {[%clk 00:16:10]}
{[%emt 00:00:21]} Kf8 {[%clk 00:06:21]} {[%emt 00:00:55]} 36. Nxd5 {[%clk
00:16:37]} {[%emt 00:00:08]} Qg7 {[%clk 00:05:14]} {[%emt 00:01:43]} 37. Nf6
{[%clk 00:13:18]} {[%emt 00:03:54]} Rd8 {[%clk 00:04:47]} {[%emt 00:01:01]} 38.
Qc6 {[%clk 00:13:38]} {[%emt 00:00:15]} g4 {[%clk 00:03:58]} {[%emt 00:01:25]}
39. Nh7+ {[%clk 00:13:21]} {[%emt 00:00:52]} Kg8 {[%clk 00:03:05]} {[%emt
00:01:25]} 40. Nf6+ {[%clk 00:10:20]} {[%emt 00:03:37]} Kf8 {[%clk 00:03:38]}
{[%emt 00:00:02]} 41. Nh7+ {[%clk 00:10:09]} {[%emt 00:00:46]} Ke7 {[%clk
00:01:02]} {[%emt 00:03:11]} 42. Qe4+ {[%clk 00:10:25]} {[%emt 00:00:20]} Kd6
{[%clk 00:01:35]} {[%emt 00:00:01]} 43. Qf4+ {[%clk 00:09:13]} {[%emt
00:01:48]} Qe5 {[%clk 00:01:21]} {[%emt 00:00:48]} 44. Qxg4 {[%clk 00:08:17]}
{[%emt 00:01:32]} Kc7 {[%clk 00:01:05]} {[%emt 00:00:50]} 45. Ng5 {[%clk
00:08:18]} {[%emt 00:00:34]} Kb8 {[%clk 00:01:13]} {[%emt 00:00:28]} 46. Nf3
{[%clk 00:06:55]} {[%emt 00:01:58]} Qd6 {[%clk 00:00:54]} {[%emt 00:00:53]} 47.
a3 {[%clk 00:06:40]} {[%emt 00:00:51]} a5 {[%clk 00:01:00]} {[%emt 00:00:29]}
48. Qf5 {[%clk 00:05:08]} {[%emt 00:02:07]} Qd7 {[%clk 00:00:37]} {[%emt
00:00:59]} 49. Qf6 {[%clk 00:03:47]} {[%emt 00:01:56]} Qd6 {[%clk 00:00:50]}
{[%emt 00:00:22]} 50. Qxf7 {[%clk 00:03:55]} {[%emt 00:00:27]} Rf8 {[%clk
00:01:10]} {[%emt 00:00:14]} 51. Qh5 {[%clk 00:04:24]} {[%emt 00:00:06]} Qf4
{[%clk 00:00:38]} {[%emt 00:01:07]} 52. Ne5 {[%clk 00:03:52]} {[%emt 00:01:07]}
Rc8 {[%clk 00:01:09]} {[%emt 00:00:05]} 53. Nc4 {[%clk 00:02:21]} {[%emt
00:02:06]} Qc7 {[%clk 00:00:53]} {[%emt 00:00:51]} 54. Qb5 {[%clk 00:02:29]}
{[%emt 00:00:27]} Qc5 {[%clk 00:00:40]} {[%emt 00:00:48]} 55. Qxb6+ {[%clk
00:02:51]} {[%emt 00:00:13]} Qxb6 {[%clk 00:01:11]} {[%emt 00:00:04]} 56. Nxb6
{[%clk 00:03:23]} {[%emt 00:00:03]} Rc6 {[%clk 00:01:03]} {[%emt 00:00:43]} 57.
Nc4 {[%clk 00:03:19]} {[%emt 00:00:40]} Rc5 {[%clk 00:01:04]} {[%emt 00:00:34]}
58. Kc2 {[%clk 00:02:58]} {[%emt 00:00:56]} Rh5 {[%clk 00:01:38]} {[%emt
00:00:02]} 59. Be4 {[%clk 00:02:51]} {[%emt 00:00:41]} Kc7 {[%clk 00:00:41]}
{[%emt 00:01:32]} 60. Kd3 {[%clk 00:03:20]} {[%emt 00:00:06]} Rb5 {[%clk
00:00:37]} {[%emt 00:00:40]} 61. Kxd4 {[%clk 00:03:45]} {[%emt 00:00:10]} Rb3
{[%clk 00:00:47]} {[%emt 00:00:25]} 62. Bc2 {[%clk 00:03:59]} {[%emt 00:00:20]}
Rb5 {[%clk 00:01:08]} {[%emt 00:00:15]} 63. a4 {[%clk 00:04:00]} {[%emt
00:00:34]} Rh5 {[%clk 00:00:41]} {[%emt 00:01:03]} 64. Be4 {[%clk 00:04:16]}
{[%emt 00:00:18]} Kb8 {[%clk 00:00:49]} {[%emt 00:00:28]} 65. Bd5 {[%clk
00:04:43]} {[%emt 00:00:08]} Rh4+ {[%clk 00:00:53]} {[%emt 00:00:32]} 66. Kc5
{[%clk 00:05:09]} {[%emt 00:00:07]} Ka7 {[%clk 00:01:05]} {[%emt 00:00:24]} 67.
Bc6 {[%clk 00:02:52]} {[%emt 00:02:52]} Rh5+ {[%clk 00:01:22]} {[%emt
00:00:19]} 68. Kd4 {[%clk 00:03:12]} {[%emt 00:00:13]} Rh4+ {[%clk 00:00:40]}
{[%emt 00:01:18]} 69. Kc3 {[%clk 00:03:41]} {[%emt 00:00:06]} Rh3+ {[%clk
00:01:10]} {[%emt 00:00:06]} 70. Kc2 {[%clk 00:04:09]} {[%emt 00:00:24]} Rh2+
{[%clk 00:01:32]} 71. Kb3 {[%clk 00:04:27]} {[%emt 00:00:12]} Rh3+ {[%clk
00:01:57]} {[%emt 00:00:11]} 72. Ka2 {[%clk 00:04:50]} {[%emt 00:00:11]} Rh4
{[%clk 00:02:08]} {[%emt 00:00:25]} 73. Bb5 {[%clk 00:05:16]} {[%emt 00:00:09]}
Rg4 {[%clk 00:02:21]} {[%emt 00:00:21]} 74. Ka3 {[%clk 00:05:37]} {[%emt
00:00:13]} Rh4 {[%clk 00:02:40]} {[%emt 00:00:18]} 75. Nxa5 {[%clk 00:06:01]}
{[%emt 00:00:09]} Kb6 {[%clk 00:03:10]} {[%emt 00:00:05]} 76. b4 {[%clk
00:06:05]} {[%emt 00:00:31]} Kc7 {[%emt 00:00:27]} 77. Nb3 {[%clk 00:06:30]}
Kb6 {[%clk 00:03:56]} {[%emt 00:00:07]} 78. Bf1 {[%clk 00:06:46]} {[%emt
00:00:19]} Rh1 {[%clk 00:04:23]} {[%emt 00:00:10]} 79. a5+ {[%clk 00:07:14]}
{[%emt 00:00:05]} Ka7 {[%clk 00:04:52]} {[%emt 00:00:07]} 80. Bg2 {[%clk
00:06:59]} {[%emt 00:00:50]} Rg1 {[%clk 00:05:16]} {[%emt 00:00:11]} 81. Bc6
{[%clk 00:07:26]} {[%emt 00:00:09]} Rg4 {[%clk 00:05:05]} {[%emt 00:00:45]} 82.
b5 {[%clk 00:07:40]} {[%emt 00:00:20]} Rh4 {[%clk 00:05:33]} {[%emt 00:00:08]}
83. Kb2 {[%clk 00:07:55]} {[%emt 00:00:20]} Rh3 {[%clk 00:06:00]} {[%emt
00:00:08]} 84. Nc5 {[%clk 00:07:58]} {[%emt 00:00:32]} Rh5 {[%clk 00:06:10]}
{[%emt 00:00:25]} 85. b6+ {[%clk 00:08:19]} {[%emt 00:00:13]} Kb8 {[%clk
00:06:40]} {[%emt 00:00:06]} 86. Nd7+ {[%clk 00:08:38]} {[%emt 00:00:15]}  1-0